| 000 | 00364nam a2200145 a 4500 | ||
|---|---|---|---|
| 005 | 20140412111325.0 | ||
| 008 | 110120s19uu xx 00 eng d | ||
| 020 | _a1-85830-306-0 | ||
| 050 |
_aTR(PS E _bBu87 1995 |
||
| 245 | _aBuldozer Bob. | ||
| 260 |
_aChina : _bGrandreams, _c1995. |
||
| 300 | _aunp. | ||
| 440 | _aa friendly face board book | ||
| 999 |
_c104596 _d104596 |
||